an investigation into linguistic features of material processes in “perfect spy” by larry berman versus its vietnamese translational version by đỗ hùng /

The system of transitivity belongs to one mode of the ideational metafunction, that is, the experiential one which is a source for construing our experience in terms of configuration of a process, participants and circumstances. Out of three main process types in transitivity system, Material proces...

ver descrição completa

Na minha lista:
Detalhes bibliográficos
Autor principal: Đặng,Thị Cẩm Ngọc
Outros Autores: Phan Văn Ḥa (supervisor)
Formato: Livro
Idioma:English
Publicado em: 2015.
Assuntos:
Tags: Adicionar Tag
Sem tags, seja o primeiro a adicionar uma tag!
Thư viện lưu trữ: Mạng thư viện Đại học Đà Nẵng
LEADER 04210nam a22003731a 4500
001 000035475
003 11761
005 20221128152019.0
008 160107s2015 000 eng
040 |a LNN 
041 |a eng 
082 |a 420.4  |b ĐĂ-N 
100 |a Đặng,Thị Cẩm Ngọc 
245 3 |a an investigation into linguistic features of material processes in “perfect spy” by larry berman versus its vietnamese translational version by đỗ hùng /  |c Đặng Thị Cẩm Ngọc; Phan Văn Ḥa supervisor.  |h [Thesis-Luận văn thạc sĩ] / 
260 |c 2015. 
300 |a 83tr . : ;  |c 30cm+. 
520 |a The system of transitivity belongs to one mode of the ideational metafunction, that is, the experiential one which is a source for construing our experience in terms of configuration of a process, participants and circumstances. Out of three main process types in transitivity system, Material process takes up an ample room in written form. Consequently, the aim of the study is to focus on the similarities and differences in the Material process in ―Perfect Spy‖ by Larry Berman versus its Vietnamese translational equivalent ―Điệp Viên Hoàn Hảo‖ by Đỗ Hùng in order that the problems related to realizing, usage and applying the material process will be drawn from this study. After reading the English work an its Vietnamese version, I pick out 1684 samples related to the material process from the English work ―Perfect Spy‖ and its Vietnamese version ―Điệp Viên Hoàn Hảo‖. Both qualitative and quantitative information taken from the samples which is extracted from the work ―Perfect Spy‖ by Larry Berman and in its Vietnamese version is the basic for drawing the implications for teaching and learning material process as well as their application for translation and interpretation. In addition, it simultaneously, encourages those who are interested in English grammar from English grammar from Functional approach to do. 
650 |a linguistic features of material processes in “perfect spy” 
653 |a linguistic features  |a material processes in “perfect spy”  |a vietnamese translational version by đỗ hùng 
700 |a Phan Văn Ḥa  |e supervisor 
OWN |a LNN 
902 |a Luận văn thạc sĩ 
AVA |a UDN50  |b LNN  |c English  |d 420.4 ĐĂ-N  |e available  |t Error 5001 Not defined in file expand_doc_bib_avail.  |f 1  |g 0  |h N  |i 0  |j AN  |k 1 
Z40 3 |y an investigation into linguistic features of material processes in “perfect spy” by larry berman  |l Library of UFL  |t VIEW  |x http://catalog.udn.vn:80/F?func=service&doc_library=UDN01&local_base=UDN01&doc_number=000035475&sequence=000001&line_number=0001&func_code=DB_RECORDS&service_type=MEDIA  |f TOMTAT_000011413.pdf  |e pdf  |s 000323586  |k 20210727  |m NTMTHI 
Z40 3 |y an investigation into linguistic features of material processes in “perfect spy” by larry berman  |l Library of UFL  |t VIEW  |x http://catalog.udn.vn:80/F?func=service&doc_library=UDN01&local_base=UDN01&doc_number=000035475&sequence=000002&line_number=0002&func_code=DB_RECORDS&service_type=MEDIA  |f LUANVAN_000011415.pdf  |e pdf  |s 000745920  |k 20210727  |m NTMTHI 
999 |a From the UDN01 
AVA |a UDN50  |b LNN  |c English  |d 420.4 ĐĂ-N  |e available  |t Error 5001 Not defined in file expand_doc_bib_avail.  |f 1  |g 0  |h N  |i 0  |j AN  |k 1 
TYP |a Monograph 
TYP |a Printed language 
856 |y an investigation into linguistic features of material processes in “perfect spy” by larry berman  |l Library of UFL  |t VIEW  |x http://catalog.udn.vn:80/F?func=service&doc_library=UDN01&local_base=UDN01&doc_number=000035475&sequence=000001&line_number=0001&func_code=DB_RECORDS&service_type=MEDIA  |f TOMTAT_000011413.pdf  |e pdf  |s 000323586  |k 20210727  |m NTMTHI 
856 |y an investigation into linguistic features of material processes in “perfect spy” by larry berman  |l Library of UFL  |t VIEW  |x http://catalog.udn.vn:80/F?func=service&doc_library=UDN01&local_base=UDN01&doc_number=000035475&sequence=000002&line_number=0002&func_code=DB_RECORDS&service_type=MEDIA  |f LUANVAN_000011415.pdf  |e pdf  |s 000745920  |k 20210727  |m NTMTHI 
980 |a Mạng thư viện Đại học Đà Nẵng